| Tag |
First Indicator |
Second Indicator |
Subfields |
| LEADER |
00000cam a2200000 a 4500 |
| 001 |
in00000079285 |
| 005 |
20151008060815.0 |
| 008 |
760301s1974 qucab b f00010 engm |
| 010 |
|
|
|a 75327564
|
| 015 |
|
|
|a C***
|
| 035 |
|
|
|a (OCoLC)03053056
|
| 035 |
|
|
|9 AAJ6619AM
|
| 040 |
|
|
|a DLC
|c DLC
|d TXA
|d UtOrBLW
|
| 043 |
|
|
|a n-cn-nw
|
| 049 |
|
|
|a TXAM
|d [
|v = v
|p = bk.]
|v 1 [802129]
|v 2
|p 1 [802130]
|v 2
|p 2 [802131]
|v 3 [802132]
|v 4 [802133]
|
| 050 |
0 |
0 |
|a TF27.N63
|b C36 1974
|
| 082 |
0 |
|
|a 338.4/7/66554
|
| 110 |
2 |
|
|a Canalog Logistics Limited.
|
| 245 |
1 |
0 |
|a Arctic oil and gas by rail :
|b a study of the technical feasibility and cost of transporting crude oil and liquefied natural gas from the Arctic southward by railway /
|c prepared by Canalog Logistics Limited and Canadian Pacific Consulting Services Ltd. for Transportation Development Agency, Ministry of Transport.
|
| 264 |
|
1 |
|a [Montreal] :
|b [Transportation Development Agency] ;
|a [Ottawa] :
|b [available from Information Canada],
|c 1974.
|
| 300 |
|
|
|a 6 volumes in 7 :
|b illustrations, maps ;
|c 28 cm.
|
| 336 |
|
|
|a text
|b txt
|2 rdacontent
|
| 337 |
|
|
|a unmediated
|b n
|2 rdamedia
|
| 338 |
|
|
|a volume
|b nc
|2 rdacarrier
|
| 504 |
|
|
|a Includes bibliographies.
|
| 505 |
0 |
|
|a v. 1. Introduction and summary -- v. 2. Route selection and construction -- v. 3. Railway operations and maintenance -- v. 4. Petroleum products: processing and handling -- v. 5. Relevant considerations -- v. 6. Cost data and analysis.
|
| 650 |
|
0 |
|a Railroads
|z Northwest Territories.
|
| 650 |
|
0 |
|a Petroleum
|x Transportation.
|
| 650 |
|
0 |
|a Liquefied natural gas
|x Transportation.
|
| 710 |
2 |
|
|a Canadian Pacific Consulting Services.
|
| 710 |
1 |
|
|a Canada.
|b Transportation Development Agency.
|
| 999 |
|
|
|a MARS
|
| 999 |
f |
f |
|s c48aefec-5bdd-397e-a67e-d890532ab944
|i b62668b6-7027-3312-ab9b-2d44f347b46b
|t 0
|
| 952 |
f |
f |
|p normal
|a Texas A&M University
|b College Station
|c Sterling C. Evans Library
|d Evans: Library Stacks
|t 0
|e TF27.N63 C36 1974
|h Library of Congress classification
|i unmediated -- volume
|k v.3
|m A14806246944
|
| 952 |
f |
f |
|p normal
|a Texas A&M University
|b College Station
|c Sterling C. Evans Library
|d Evans: Library Stacks
|t 0
|e TF27.N63 C36 1974
|h Library of Congress classification
|i unmediated -- volume
|k v.2:bk.2
|m A14806246936
|
| 952 |
f |
f |
|p normal
|a Texas A&M University
|b College Station
|c Sterling C. Evans Library
|d Evans: Library Stacks
|t 0
|e TF27.N63 C36 1974
|h Library of Congress classification
|i unmediated -- volume
|k v.6
|m A14805970540
|
| 952 |
f |
f |
|p normal
|a Texas A&M University
|b College Station
|c Sterling C. Evans Library
|d Evans: Library Stacks
|t 0
|e TF27.N63 C36 1974
|h Library of Congress classification
|i unmediated -- volume
|k v.1
|m A14806246910
|
| 952 |
f |
f |
|p normal
|a Texas A&M University
|b College Station
|c Sterling C. Evans Library
|d Evans: Library Stacks
|t 0
|e TF27.N63 C36 1974
|h Library of Congress classification
|i unmediated -- volume
|k v.4
|m A14806246952
|
| 952 |
f |
f |
|p normal
|a Texas A&M University
|b College Station
|c Sterling C. Evans Library
|d Evans: Library Stacks
|t 0
|e TF27.N63 C36 1974
|h Library of Congress classification
|i unmediated -- volume
|k v.2:bk.1
|m A14806246928
|
| 998 |
f |
f |
|a TF27.N63 C36 1974
|s v.1-v.4, v.6
|t 0
|l Evans: Library Stacks
|